000 00487cam a2200193 4500
001 D6580
008 090401t1984 xxu||||| |||| 00| 0 eng d
035 _a(Sirsi) u94064
041 _aeng
050 _a692.5
110 _aV B Johnson and Partners
245 _aLaxton`s building price book 1985
250 _a157th
260 _aEast Grinstead, West Sussex
_bThomas Skinner Directories
_c1984
300 _axxxvi. 855p. 21cm
350 _a0
942 _n0
948 _c04/03/1997
999 _c97889
_d97889